Statistics for 15 BIGGEST CITIES IN CANTABRIA

Click here to take the quiz!

General Stats

  • This quiz has been taken 9 times
  • The average score is 8 of 15

Answer Stats

Pop. Answer % Correct
183.955Santander
100%
32.522Castro Urdiales
88%
55.297Torrelavega
75%
13.115Laredo
75%
11.592Santoña
63%
5.535Reinosa
63%
4.035Cabezón de la Sal
50%
31.594Camargo
38%
24.077Piélagos
38%
15.635El Astillero
38%
10.958Los Corrales de Buelna
38%
3.577Suances
38%
5.066Santa Cruz de Bezana
25%
3.754Reocín
25%
3.631Colindres
13%

Score Distribution

Percentile by Number Answered

Percent of People with Each Score

Your Score History

You have not taken this quiz